000 00292cam a22001097a 4500
008 180718b-- xxu||||| |||| 00| 0 eng d
082 _aB7303x5464 A
100 _aTripura. Law Department
245 _aThe Tripura municipal act
260 _aAgartala
_bThe author
_c--
500 _aLibrary has 1994
999 _c488690
_d488690